Guía de Zaragoza / (Record no. 183620)

MARC details
000 -LEADER
campo de control de longitud fija 00370nam a2200133 i 4500
001 - NÚMERO DE CONTROL
campo de control 183620
003 - IDENTIFICADOR DE NÚMERO DE CONTROL
campo de control ES-MaACL
005 - FECHA Y HORA DE LA ÚLTIMA TRANSACCIÓN
campo de control 20230906221931.0
008 - DATOS DE LONGITUD FIJA--INFORMACIÓN GENERAL
campo de control de longitud fija 140905s1878 sp |||| | spa d
245 00 - MENCIÓN DEL TÍTULO
Título Guía de Zaragoza /
Mención de responsabilidad, etc. por D.V. B y P.
260 ## - PUBLICACIÓN, DISTRIBUCIÓN, ETC.
Lugar de publicación, distribución, etc. Zaragoza :
Nombre del editor, distribuidor, etc. [s.n.],
Fecha de publicación, distribución, etc. 1878.
651 #4 - PUNTO DE ACCESO ADICIONAL DE MATERIA--NOMBRE GEOGRÁFICO
Nombre geográfico Zaragoza-
Subdivisión de forma Guías turísticas.
9 (RLIN) 155395
852 ## - LOCALIZACIÓN
Ubicación ES-MaACL
Número de control de estantería T-1099-F-1
Holdings
Estatus retirado Estado de pérdida Estado de daño No para préstamo Colección Biblioteca de origen Biblioteca actual Ubicación en estantería Fecha de adquisición Fuente de adquisición Total de préstamos Signatura topográfica completa Código de barras Visto por última vez Precio de reemplazo Tipo de ítem Koha
        Colección de folletos Biblioteca del Ateneo de Madrid Biblioteca del Ateneo de Madrid Depósito folletos 05/09/2014     T-1099-F-1 1193029 23/02/2023 23/02/2023 Folleto